00217nam a2200073Ia 4500082001200000245005200012100003800064008004100102 aEF STEE 0aMarketing in South Africa : cases and concepts  a SIMPSON, John Pretoria, 2002 210817s9999 xx 000 0 und d